AD Hoc Networking (Record no. 8444)

MARC details
000 -LEADER
fixed length control field 00307nam a22001217a 4500
008 - FIXED-LENGTH DATA ELEMENTS--GENERAL INFORMATION
fixed length control field 200130b ||||| |||| 00| 0 eng d
020 ## - INTERNATIONAL STANDARD BOOK NUMBER
International Standard Book Number 9788131720967
082 ## -
Classification number 621.396.2
100 ## - MAIN ENTRY--PERSONAL NAME
Personal name PERKINS, CHARLES E
245 ## - TITLE STATEMENT
Title AD Hoc Networking
250 ## - EDITION STATEMENT
Edition statement Page-370
260 ## - PUBLICATION, DISTRIBUTION, ETC. (IMPRINT)
Place of publication, distribution, etc New Delhi
Name of publisher, distributor, etc Pearson Education
Date of publication, distribution, etc 2001
Holdings
Withdrawn status Lost status Source of classification or shelving scheme Damaged status Koha normalized classification for sorting Not for loan Koha collection Location (home branch) Sublocation or collection (holding branch) Shelving location Date acquired Source of acquisition Currency Cost, normal purchase price Bill Number Koha issues (times borrowed) Koha full call number Piece designation (barcode) Koha date last seen Copy number Actual Cost, discounted price Bill Date Koha item type
    Dewey Decimal Classification   621.396 PEA   B.Tech(CSE) PIET C-LIBRARY PIET C-LIBRARY New Arrival Sec. N02 30/01/2020 KIRTI PRAKASHAN NEW DELHI IN Rupees 530.00 IN5960   621.396 PEA 31620 30/01/2020 1 360.40 03/01/2020 Reference Books

Design & Developed by: PIET Central Library
R70 Miles Stone Pattikalyana Samalkha Panipat 132102
mail ID :- [email protected], Phone No:- 0180-2569700 Ex.216